000 00461nam a2200169Ia 4500
003 GCL
008 140319s9999 xx 000 0 ara d
040 _aGCL /
_cGCL
082 0 4 _a658.86
_bم ت
100 1 _aمحسن احمد الخضيرى
245 1 0 _aالتسويق فى ظل الركود /
_cمحسن احمد الخضيرى
300 _a149 ص
490 _aكتاب
_v0
650 0 4 _aالاقتصاد
650 0 4 _aالتسويق
942 _2ddc
_cBK
999 _c42069
_d42069